[Event "España ch sub-16 2007"]
[Site "Linres ESP"]
[Date "2007.07.25"]
[Round "6.10"]
[White "De Nacimiento Montaño, Angel"]
[Black "Coll Ortega, Jordi"]
[Result "1/2-1/2"]
[WhiteElo "1999"]
[BlackElo "2105"]
[PlyCount "101"]
[EventDate "2007.07.22"]
[EventType "swiss"]
[EventRounds "9"]
[EventCountry "ESP"]
[Source "lmi"]
[SourceDate "2007.07.22"]

1. e4 c5 2. Nf3 e6 3. d4 cxd4 4. Nxd4 Nc6 5. Nc3 Qc7 6. Be2 a6 7. Be3 Nf6 8.
O-O Bb4 9. Na4 O-O 10. Nxc6 bxc6 11. Nb6 Rb8 12. Nxc8 Rfxc8 13. Bxa6 Rf8 14.
Bd3 Bd6 15. g3 Be5 16. a4 Bxb2 17. Ra2 Bc3 18. Bd2 Ba5 19. c4 d6 20. Qc2 Nd7
21. Rd1 Ne5 22. Be2 Bxd2 23. Qxd2 Rfd8 24. f4 Ng6 25. Qe3 c5 26. Rad2 e5 27. f5
Ne7 28. f6 gxf6 29. Qh6 Ng6 30. h4 Qe7 31. h5 Nf8 32. Bg4 Ne6 33. Rf2 Qf8 34.
Qxf6 Qg7 35. Bxe6 Qxf6 36. Rxf6 fxe6 37. Rxe6 Rb4 38. Rxe5 Rxc4 39. a5 Kg7 40.
a6 dxe5 41. Rxd8 Ra4 42. Rd7+ Kh6 43. a7 Kxh5 44. Rxh7+ Kg4 45. Rg7+ Kf3 46. g4
Kxe4 47. Rf7 c4 48. Kf2 c3 49. Ke2 Ra1 50. Rc7 c2 51. Rxc2 1/2-1/2

[Event "España ch sub-16 2007"]
[Site "Linres ESP"]
[Date "2007.07.25"]
[Round "6.11"]
[White "Diaz Herrero, Alvaro"]
[Black "Torres Tellez, Jonathan"]
[Result "0-1"]
[WhiteElo "1951"]
[BlackElo "2084"]
[PlyCount "98"]
[EventDate "2007.07.22"]
[EventType "swiss"]
[EventRounds "9"]
[EventCountry "ESP"]
[Source "lmi"]
[SourceDate "2007.07.22"]

1. e4 e5 2. Nf3 Nc6 3. Nc3 Nf6 4. d4 exd4 5. Nd5 Be7 6. Bf4 d6 7. Nxd4 O-O 8.
Nb5 Nxd5 9. exd5 Ne5 10. Be2 Ng6 11. Bg3 Bf6 12. c3 Re8 13. O-O b6 14. f4 Ba6
15. a4 Ne7 16. Bf3 Bb7 17. Qd3 a6 18. Na3 Qd7 19. Nc2 Ng6 20. Nd4 Bxd4+ 21.
Qxd4 Qf5 22. Rae1 Qc2 23. h4 Ne7 24. Be4 Qxb2 25. Qd3 f5 26. Bf3 Qb3 27. Ra1
Bxd5 28. Rfb1 Qc4 29. Qxc4 Bxc4 30. Bxa8 Rxa8 31. Re1 Kf7 32. Rad1 Bb3 33. Ra1
Nd5 34. Rec1 Bc4 35. Kf2 Nf6 36. Kg1 Ne4 37. Bf2 Re8 38. Bd4 c5 39. Bf2 d5 40.
Rab1 Re6 41. g3 Kg6 42. Kg2 Kh5 43. Rb2 Kg4 44. Re1 Rd6 45. a5 b5 46. Rxe4 dxe4
47. Bxc5 Rd3 48. Bf2 e3 49. Be1 Rd1 0-1

[Event "España ch sub-16 2007"]
[Site "Linres ESP"]
[Date "2007.07.25"]
[Round "6.12"]
[White "Pueyo Burrel, David"]
[Black "Rodrgiuez Ferrer, Pablo"]
[Result "1/2-1/2"]
[WhiteElo "2076"]
[BlackElo "2007"]
[PlyCount "38"]
[EventDate "2007.07.22"]
[EventType "swiss"]
[EventRounds "9"]
[EventCountry "ESP"]
[Source "lmi"]
[SourceDate "2007.07.22"]

1. e4 e6 2. d4 d5 3. Nc3 Bb4 4. e5 b6 5. a3 Bf8 6. Nf3 Ba6 7. Bxa6 Nxa6 8. Qd3
Nb8 9. Be3 Qd7 10. Ne2 Ne7 11. O-O Nbc6 12. Ng3 h5 13. h4 Ng6 14. Ne2 Nce7 15.
g3 Nf5 16. b3 c5 17. c3 Rc8 18. b4 c4 19. Qc2 a6 1/2-1/2

[Event "España ch sub-16 2007"]
[Site "Linres ESP"]
[Date "2007.07.26"]
[Round "7.1"]
[White "Alonso Rosell, Alvar"]
[Black "Senlle Caride, Miguel"]
[Result "1/2-1/2"]
[WhiteElo "2285"]
[BlackElo "2179"]
[PlyCount "46"]
[EventDate "2007.07.22"]
[EventType "swiss"]
[EventRounds "9"]
[EventCountry "ESP"]
[Source "lmi"]
[SourceDate "2007.07.22"]

1. d4 Nf6 2. c4 e5 3. dxe5 Ng4 4. Nf3 Bc5 5. e3 Nc6 6. Nc3 Ngxe5 7. Nxe5 Nxe5
8. Be2 O-O 9. O-O Re8 10. Na4 Bf8 11. b3 a5 12. f4 Ng6 13. Bf3 Ra6 14. Kh1 Nh4
15. e4 Nxf3 16. Qxf3 Rae6 17. Nc3 Bb4 18. Bb2 Rh6 19. Nd5 Bf8 20. Rad1 Qh4 21.
h3 d6 22. Rde1 c6 23. Nc3 Bf5 1/2-1/2

[Event "España ch sub-16 2007"]
[Site "Linres ESP"]
[Date "2007.07.26"]
[Round "7.2"]
[White "Salgado Lopez, Ivan"]
[Black "Gago Padreny, Ignacio"]
[Result "1-0"]
[WhiteElo "2456"]
[BlackElo "2124"]
[PlyCount "63"]
[EventDate "2007.07.22"]
[EventType "swiss"]
[EventRounds "9"]
[EventCountry "ESP"]
[Source "lmi"]
[SourceDate "2007.07.22"]

1. e4 c5 2. Nf3 d6 3. d4 cxd4 4. Nxd4 Nf6 5. Nc3 a6 6. Be3 e5 7. Nb3 Be6 8. Qd2
Nbd7 9. O-O-O b5 10. f4 Rc8 11. Kb1 Be7 12. Bd3 O-O 13. f5 Bc4 14. Rhg1 Nb6 15.
g4 b4 16. Nd5 Nfxd5 17. exd5 Bxd3 18. Qxd3 Nc4 19. g5 Re8 20. f6 Bf8 21. Rg4
Nxe3 22. Qxe3 Qd7 23. Qe4 g6 24. Rd3 Qa7 25. Rg2 Qc7 26. Rd1 Qc4 27. Re2 h6 28.
h4 Rc7 29. Na5 Qb5 30. Nc6 Rec8 31. h5 gxh5 32. g6 1-0

[Event "España ch sub-16 2007"]
[Site "Linres ESP"]
[Date "2007.07.26"]
[Round "7.3"]
[White "Pardo Simon, David"]
[Black "Recuero Guerra, David"]
[Result "1/2-1/2"]
[WhiteElo "2080"]
[BlackElo "2378"]
[PlyCount "116"]
[EventDate "2007.07.22"]
[EventType "swiss"]
[EventRounds "9"]
[EventCountry "ESP"]
[Source "lmi"]
[SourceDate "2007.07.22"]

1. e4 c5 2. Nf3 e6 3. d4 cxd4 4. Nxd4 Nf6 5. Bd3 Nc6 6. Nb3 Ne5 7. O-O Nxd3 8.
Qxd3 Qc7 9. f4 d5 10. e5 Ne4 11. Nd4 g6 12. Nd2 Nc5 13. Qe3 Bd7 14. N2b3 Na4
15. c3 Be7 16. Qf2 O-O 17. Be3 b6 18. Rfd1 Nc5 19. g4 f6 20. Nf3 Ne4 21. Qg2
fxe5 22. fxe5 Rxf3 23. Qxf3 Qxe5 24. Bd4 Qg5 25. Be3 Qh4 26. Nd2 Ng5 27. Qg2
Bc6 28. Bxg5 Qxg5 29. Re1 Bc5+ 30. Kh1 Qe7 31. Nc4 Bb7 32. Nd2 d4 33. Ne4 dxc3
34. bxc3 Rf8 35. Re2 Bd5 36. Rae1 Kg7 37. h3 Qb7 38. c4 Bxc4 39. Nxc5 Qxg2+ 40.
Kxg2 bxc5 41. Rc2 Bd5+ 42. Kh2 g5 43. Re3 c4 44. Ra3 Rf7 45. Ra5 Rc7 46. Rc3
Rb7 47. Kg3 Kf6 48. Kf2 Rc7 49. Ke3 Ke5 50. Rc2 h6 51. Rc3 Kd6 52. Rc2 Ke5 53.
Rc3 Rf7 54. Rxc4 Rf3+ 55. Ke2 Rxh3 56. Rca4 Rh2+ 57. Ke3 Rh3+ 58. Ke2 Rh2+
1/2-1/2

[Event "España ch sub-16 2007"]
[Site "Linres ESP"]
[Date "2007.07.26"]
[Round "7.4"]
[White "Arribas Lopez, Angel"]
[Black "Garcia Moreno, Carlos"]
[Result "1-0"]
[WhiteElo "2292"]
[BlackElo "2118"]
[PlyCount "80"]
[EventDate "2007.07.22"]
[EventType "swiss"]
[EventRounds "9"]
[EventCountry "ESP"]
[Source "lmi"]
[SourceDate "2007.07.22"]

1. e4 e5 2. Nf3 Nc6 3. Bb5 a6 4. Ba4 Nf6 5. d3 b5 6. Bb3 Be7 7. O-O d6 8. c3
O-O 9. Re1 Na5 10. Bc2 c5 11. Nbd2 Re8 12. Nf1 Bf8 13. Ng3 g6 14. d4 Nc6 15.
dxc5 dxc5 16. Qe2 h6 17. a4 Rb8 18. Nd2 Be6 19. h4 c4 20. axb5 axb5 21. Ndf1
Ng4 22. h5 Qf6 23. Ne3 Bc5 24. hxg6 fxg6 25. b4 Bb6 26. Nxg4 Bxg4 27. Qf1 Rf8
28. Be3 Nd4 29. Bd1 Bxd1 30. Raxd1 Ne6 31. Rd6 Bxe3 32. Rxe3 Qe7 33. Rd5 Nf4
34. Rxb5 Nh3+ 35. Kh2 Nxf2 36. Rxb8 Ng4+ 37. Kh3 Rxb8 38. Qxc4+ Kh8 39. Kxg4
Rf8 40. Kh3 Qd7+ 1-0

[Event "España ch sub-16 2007"]
[Site "Linres ESP"]
[Date "2007.07.26"]
[Round "7.5"]
[White "Gil Quilez, David"]
[Black "Cabrera Trujillo, Jorge"]
[Result "0-1"]
[WhiteElo "1934"]
[BlackElo "2324"]
[PlyCount "122"]
[EventDate "2007.07.22"]
[EventType "swiss"]
[EventRounds "9"]
[EventCountry "ESP"]
[Source "lmi"]
[SourceDate "2007.07.22"]

1. e4 c5 2. Nf3 d6 3. Bb5+ Bd7 4. a4 Nc6 5. O-O Nf6 6. Re1 a6 7. Bf1 Bg4 8. d3
e6 9. c3 Be7 10. Nbd2 O-O 11. Be2 Qc7 12. Nf1 d5 13. Ng3 Rad8 14. Qc2 c4 15.
dxc4 dxe4 16. Nd2 Ne5 17. Ndxe4 Bxe2 18. Qxe2 Qxc4 19. Qxc4 Nxc4 20. b3 Nb6 21.
Be3 Nbd5 22. Bd4 Nd7 23. c4 Nb4 24. Re2 Rfe8 25. Bc3 Nb8 26. Nf1 N8c6 27. Rb1
f6 28. f4 Kf7 29. g3 Rd3 30. Re3 Red8 31. Rbe1 R3d7 32. R3e2 Nd4 33. Bxd4 Rxd4
34. Rd2 Rxd2 35. Nexd2 Rd3 36. Kg2 Bc5 37. Rb1 a5 38. Ne4 b6 39. Nxc5 bxc5 40.
Kf2 Nc2 41. Ke2 Rxb3 42. Rxb3 Nd4+ 43. Kd3 Nxb3 44. Kc3 Nd4 45. Nd2 f5 46. Kd3
Kf6 47. Nf1 g5 48. Nd2 Kg6 49. Ke3 Kh5 50. h3 Kg6 51. Nf1 gxf4+ 52. Kxf4 Kf6
53. Nd2 e5+ 54. Ke3 Kg5 55. Kf2 h5 56. h4+ Kg4 57. Nf1 f4 58. Nh2+ Kh3 59. Nf1
Kg4 60. Nh2+ Kf5 61. Nf1 Ke4 0-1

[Event "España ch sub-16 2007"]
[Site "Linres ESP"]
[Date "2007.07.26"]
[Round "7.6"]
[White "Ladron De Guevara Pinto, Fermin"]
[Black "Garcia Molina, Francisco Miguel"]
[Result "1/2-1/2"]
[WhiteElo "2070"]
[BlackElo "2157"]
[PlyCount "120"]
[EventDate "2007.07.22"]
[EventType "swiss"]
[EventRounds "9"]
[EventCountry "ESP"]
[Source "lmi"]
[SourceDate "2007.07.22"]

1. d4 f5 2. c4 Nf6 3. Nc3 g6 4. g3 Bg7 5. Bg2 O-O 6. Nh3 d6 7. Qb3 c6 8. O-O
Qe8 9. d5 Kh8 10. Rd1 Na6 11. Qc2 h6 12. b3 Nb4 13. Qd2 g5 14. f4 Ne4 15. Nxe4
Bxa1 16. Nexg5 hxg5 17. Qxb4 g4 18. Ng5 c5 19. Qd2 Bf6 20. Bb2 Qg6 21. Kf2 Bd7
22. h4 gxh3 23. Rh1 Kg7 24. Bf3 Rh8 25. Rh2 Bxb2 26. Qxb2+ Qf6 27. Qd2 a5 28.
a4 Ra6 29. e3 Rb6 30. Bd1 Rb4 31. Ke1 Kf8 32. Nxh3 Qh6 33. Kf1 Ke8 34. Qb2 Kd8
35. Qd2 Kc7 36. Kg1 Qf6 37. Qc1 e6 38. dxe6 Bxe6 39. Qd2 Rd8 40. Ng5 Bg8 41. e4
fxe4 42. Nxe4 Qd4+ 43. Qxd4 cxd4 44. Nf6 Rf8 45. Rh6 Bxc4 46. bxc4 Rb1 47. Nd5+
Kc6 48. Ne7+ Kc5 49. Rh5+ Kxc4 50. Rxa5 Rxd1+ 51. Kf2 Re8 52. Nf5 Ree1 53.
Nxd6+ Kd3 54. Nxb7 Re3 55. Kg2 Ke2 56. Nd6 d3 57. Nf5 Re4 58. Nd6 Re3 59. Nf5
Re4 60. Nd6 Re3 1/2-1/2

[Event "España ch sub-16 2007"]
[Site "Linres ESP"]
[Date "2007.07.26"]
[Round "7.7"]
[White "Herrera Delgado, Alejandro"]
[Black "Zamarbide Iñarrea, Daniel"]
[Result "1-0"]
[WhiteElo "2150"]
[BlackElo "2056"]
[PlyCount "33"]
[EventDate "2007.07.22"]
[EventType "swiss"]
[EventRounds "9"]
[EventCountry "ESP"]
[Source "lmi"]
[SourceDate "2007.07.22"]

1. e4 e6 2. d4 d5 3. Nc3 Nc6 4. Nf3 Nf6 5. Bg5 Be7 6. e5 Ne4 7. Bxe7 Qxe7 8.
Bd3 Qb4 9. Bxe4 dxe4 10. a3 Qxb2 11. Nxe4 b6 12. O-O Bb7 13. Qd3 O-O-O 14. Rfb1
Nxe5 15. Rxb2 Nxd3 16. cxd3 c5 17. dxc5 1-0

[Event "España ch sub-16 2007"]
[Site "Linres ESP"]
[Date "2007.07.26"]
[Round "7.8"]
[White "Vela Villares, Hector"]
[Black "Galan Martin, Pedro Juan"]
[Result "0-1"]
[WhiteElo "2035"]
[BlackElo "2095"]
[PlyCount "78"]
[EventDate "2007.07.22"]
[EventType "swiss"]
[EventRounds "9"]
[EventCountry "ESP"]
[Source "lmi"]
[SourceDate "2007.07.22"]

1. d4 Nf6 2. c4 e6 3. Nc3 c5 4. d5 exd5 5. cxd5 d6 6. e4 g6 7. f4 Bg7 8. Bd3
O-O 9. Nf3 Re8 10. O-O c4 11. Bc2 b5 12. Re1 b4 13. Nb5 Qb6+ 14. Nbd4 Nxd5 15.
exd5 Bxd4+ 16. Nxd4 Rxe1+ 17. Qxe1 Qxd4+ 18. Kh1 Bb7 19. f5 Nd7 20. fxg6 hxg6
21. Bxg6 Qxd5 22. Bh7+ Kh8 23. Qf1 Kxh7 24. Bf4 Rg8 25. Bg3 f5 26. Rd1 Qxg2+
27. Qxg2 Bxg2+ 28. Kxg2 f4 29. Rxd6 Nb6 30. Rc6 fxg3 31. hxg3 Rd8 32. Kf3 Rd2
33. Rc7+ Kg8 34. Rxa7 Rxb2 35. Rb7 Nd5 36. Ke4 Rd2 37. Rb8+ Kf7 38. Rc8 c3 39.
Rc6 c2 0-1

[Event "España ch sub-16 2007"]
[Site "Linres ESP"]
[Date "2007.07.26"]
[Round "7.9"]
[White "Torres Tellez, Jonathan"]
[Black "Santana Montero, Pedro L"]
[Result "1/2-1/2"]
[WhiteElo "2084"]
[BlackElo "1888"]
[PlyCount "113"]
[EventDate "2007.07.22"]
[EventType "swiss"]
[EventRounds "9"]
[EventCountry "ESP"]
[Source "lmi"]
[SourceDate "2007.07.22"]

1. e4 e6 2. d4 d5 3. Nc3 Bb4 4. exd5 exd5 5. Bd3 Nc6 6. Be3 Nge7 7. Qh5 Be6 8.
Nge2 Qd7 9. a3 Bxc3+ 10. bxc3 Bf5 11. Ng3 Bg6 12. Qf3 O-O 13. O-O Rae8 14. Rfe1
Na5 15. Re2 c6 16. Rae1 Nc4 17. Bg5 Nc8 18. Nf5 f6 19. Bc1 N4d6 20. Ng3 Rxe2
21. Rxe2 Re8 22. Bxg6 hxg6 23. Qd3 Kf7 24. f3 Rxe2 25. Nxe2 Nb6 26. Nf4 Qf5 27.
g4 Qxd3 28. cxd3 Na4 29. Ne2 Nb5 30. c4 Nac3 31. Nxc3 Nxc3 32. Kf1 Ke6 33. Ke1
Na4 34. Kd2 Nb6 35. Kc3 Nd7 36. Bf4 g5 37. Be3 Nf8 38. Kd2 Ng6 39. Ke2 Nf4+ 40.
Kd2 Ng2 41. Bf2 b5 42. Kc3 Nf4 43. Be3 Ne2+ 44. Kd2 Nf4 45. Kc3 Kd7 46. Bxf4
gxf4 47. Kb4 bxc4 48. dxc4 Kd6 49. a4 g5 50. h3 a6 51. a5 c5+ 52. dxc5+ Kc6 53.
cxd5+ Kxd5 54. c6 Kxc6 55. Kc4 Kd6 56. Kd4 Kc6 57. Ke4 1/2-1/2

[Event "España ch sub-16 2007"]
[Site "Linres ESP"]
[Date "2007.07.26"]
[Round "7.10"]
[White "Espinosa Aranda, Angel"]
[Black "Subirats Ruiz, Sergi"]
[Result "0-1"]
[WhiteElo "2184"]
[BlackElo "1958"]
[PlyCount "28"]
[EventDate "2007.07.22"]
[EventType "swiss"]
[EventRounds "9"]
[EventCountry "ESP"]
[Source "lmi"]
[SourceDate "2007.07.22"]

1. d4 Nf6 2. Nc3 d5 3. Bg5 Ne4 4. Nxe4 dxe4 5. f3 Bf5 6. Qd2 h6 7. Bh4 c5 8. e3
Qb6 9. O-O-O cxd4 10. exd4 Nc6 11. Bf2 Nb4 12. d5 e3 13. Qxe3 Rc8 14. Qe2 Nxa2+
0-1

[Event "España ch sub-16 2007"]
[Site "Linres ESP"]
[Date "2007.07.26"]
[Round "7.11"]
[White "Rodrgiuez Ferrer, Pablo"]
[Black "Moreno Gracia, Daniel"]
[Result "0-1"]
[WhiteElo "2007"]
[BlackElo "2237"]
[PlyCount "67"]
[EventDate "2007.07.22"]
[EventType "swiss"]
[EventRounds "9"]
[EventCountry "ESP"]
[Source "lmi"]
[SourceDate "2007.07.22"]

1. e4 c5 2. Nc3 d6 3. g3 g6 4. Bg2 Bg7 5. d3 Nc6 6. f4 Nf6 7. Nf3 O-O 8. O-O
Rb8 9. h3 b5 10. Ne2 c4 11. c3 cxd3 12. Qxd3 e5 13. Be3 Qc7 14. g4 d5 15. Nd2
dxe4 16. Nxe4 Rd8 17. Qc2 Nd5 18. Bd2 f5 19. gxf5 gxf5 20. N4g3 e4 21. Rad1 Be6
22. Bc1 Qf7 23. Kh2 Rbc8 24. Nxe4 fxe4 25. Bxe4 Qh5 26. f5 Bf7 27. f6 Nxf6 28.
Rxd8+ Nxd8 29. Rf5 Qh4 30. Rf4 Qe1 31. Bg2 Ne6 32. Rf1 Qh4 33. Qf5 Qh5 34. Qxb5
0-1

[Event "España ch sub-16 2007"]
[Site "Linres ESP"]
[Date "2007.07.26"]
[Round "7.12"]
[White "Coll Ortega, Jordi"]
[Black "Vila Gonzalez, Daniel"]
[Result "1-0"]
[WhiteElo "2105"]
[BlackElo "2004"]
[PlyCount "113"]
[EventDate "2007.07.22"]
[EventType "swiss"]
[EventRounds "9"]
[EventCountry "ESP"]
[Source "lmi"]
[SourceDate "2007.07.22"]

1. c4 e5 2. g3 Nc6 3. Bg2 d6 4. Nc3 Be6 5. d3 Qd7 6. Nd5 g6 7. e4 Bg7 8. Ne2
Nd8 9. d4 c6 10. Ne3 exd4 11. Nxd4 Ne7 12. Nxe6 Nxe6 13. O-O O-O 14. h4 Nc5 15.
Qc2 Rad8 16. Kh2 f5 17. exf5 Nxf5 18. f4 Nd4 19. Qf2 Rde8 20. Bh3 Qe7 21. Qg2
Ne4 22. Nd1 Nf5 23. Bxf5 gxf5 24. Nf2 Qf7 25. Qf3 Qxc4 26. Qd3 Qxd3 27. Nxd3 d5
28. a4 c5 29. Rd1 b6 30. Kg2 Rd8 31. Rb1 Rfe8 32. Bd2 c4 33. Nb4 d4 34. Rbc1 c3
35. bxc3 Nxc3 36. Bxc3 dxc3 37. Kf3 Rxd1 38. Rxd1 Re4 39. Nd5 Rxa4 40. Ne7+ Kf7
41. Nxf5 c2 42. Rc1 Ra2 43. Ne3 Ra3 44. Ke4 Rc3 45. Rxc2 Rxc2 46. Nxc2 Bc3 47.
Kd3 Bf6 48. Kc4 Ke6 49. Ne3 Be7 50. h5 Bc5 51. Ng4 a5 52. Kb5 Kf5 53. Nh6+ Kf6
54. g4 Kg7 55. Nf5+ Kf6 56. Ng3 h6 57. Ne4+ 1-0

[Event "España ch sub-16 2007"]
[Site "Linres ESP"]
[Date "2007.07.26"]
[Round "8.1"]
[White "Gago Padreny, Ignacio"]
[Black "Moreno Martin, Daniel"]
[Result "1/2-1/2"]
[WhiteElo "2124"]
[BlackElo "1997"]
[PlyCount "52"]
[EventDate "2007.07.22"]
[EventType "swiss"]
[EventRounds "9"]
[EventCountry "ESP"]
[Source "lmi"]
[SourceDate "2007.07.22"]

1. d4 d5 2. Nf3 Nf6 3. c4 c6 4. Nc3 e6 5. e3 a6 6. c5 Nbd7 7. Bd3 g6 8. Rb1 Bg7
9. b4 O-O 10. Bb2 e5 11. dxe5 Ng4 12. Nd4 Ndxe5 13. Be2 Re8 14. h3 Nh6 15. O-O
Nf5 16. Na4 Nh4 17. f4 Nd7 18. Bc1 Nf6 19. Nb6 Rb8 20. a4 Ne4 21. Qe1 Nf5 22.
Nxf5 Bxf5 23. Rb3 Bf6 24. g4 Bh4 25. Qd1 Be6 26. Bb2 Bf6 1/2-1/2

[Event "España ch sub-16 2007"]
[Site "Linres ESP"]
[Date "2007.07.26"]
[Round "8.2"]
[White "Salgado Lopez, Ivan"]
[Black "Recuero Guerra, David"]
[Result "1-0"]
[WhiteElo "2456"]
[BlackElo "2378"]
[PlyCount "71"]
[EventDate "2007.07.22"]
[EventType "swiss"]
[EventRounds "9"]
[EventCountry "ESP"]
[Source "lmi"]
[SourceDate "2007.07.22"]

1. e4 c5 2. Nf3 d6 3. d4 cxd4 4. Nxd4 Nf6 5. Nc3 Nc6 6. Bg5 e6 7. Qd2 Be7 8.
O-O-O Nxd4 9. Qxd4 O-O 10. f3 a6 11. h4 b5 12. Kb1 Bb7 13. Qd2 Qc7 14. Bd3 Rac8
15. Ne2 Rfd8 16. Qe1 Qc5 17. g4 b4 18. Ng3 a5 19. Nh5 Kf8 20. Nxf6 Bxf6 21.
Bxf6 gxf6 22. g5 f5 23. exf5 exf5 24. Qg3 Re8 25. g6 fxg6 26. h5 Qe5 27. Qh3 a4
28. hxg6 hxg6 29. Bxf5 gxf5 30. Qh6+ Ke7 31. Rhe1 Be4 32. fxe4 fxe4 33. Qh7+
Kd8 34. Rxe4 Qf6 35. Rxe8+ Kxe8 36. Rg1 1-0

[Event "España ch sub-16 2007"]
[Site "Linres ESP"]
[Date "2007.07.26"]
[Round "8.3"]
[White "Santana Montero, Pedro L"]
[Black "Ladron De Guevara Pinto, Fermin"]
[Result "0-1"]
[WhiteElo "1888"]
[BlackElo "2070"]
[PlyCount "128"]
[EventDate "2007.07.22"]
[EventType "swiss"]
[EventRounds "9"]
[EventCountry "ESP"]
[Source "lmi"]
[SourceDate "2007.07.22"]

1. e4 c5 2. Nf3 e6 3. d4 cxd4 4. Nxd4 a6 5. Be3 Nf6 6. Nc3 Qc7 7. Bd3 Be7 8.
O-O O-O 9. f4 d6 10. Qf3 Nbd7 11. a4 b6 12. Rae1 Bb7 13. Qh3 Kh8 14. Kh1 Rac8
15. Nf3 e5 16. Nh4 Rfe8 17. Nf5 Bf8 18. fxe5 dxe5 19. Bg5 Ra8 20. Rf3 Re6 21.
Qh4 g6 22. Nh6 Bxh6 23. Bxh6 Qd6 24. Bg5 Kg8 25. Bc4 Nh5 26. Bxe6 Qxe6 27. Qh3
Qxh3 28. Rxh3 Kg7 29. Rd3 Nc5 30. Rd8 b5 31. Rxa8 Bxa8 32. axb5 axb5 33. Be7
Na4 34. Nxa4 bxa4 35. Kg1 Nf4 36. Kf2 Ne6 37. c3 Nf4 38. Re3 f6 39. g3 Nh3+ 40.
Kg2 Ng5 41. Kf1 Kf7 42. Ba3 Nxe4 43. Rd3 Bc6 44. Rd8 Ke6 45. Ke2 h5 46. Rg8 Kf5
47. Be7 g5 48. Rf8 Ke6 49. Bd8 Kf5 50. Ke3 Bd5 51. Be7 Ke6 52. Bb4 Kf5 53. Rh8
Kg4 54. Bf8 f5 55. Bg7 f4+ 56. gxf4 gxf4+ 57. Kd3 Nc5+ 58. Kd2 e4 59. Rd8 e3+
60. Ke1 Bc4 61. Rd4 Nd3+ 62. Ke2 Nxb2+ 63. Ke1 a3 64. Rd6 a2 0-1

[Event "España ch sub-16 2007"]
[Site "Linres ESP"]
[Date "2007.07.26"]
[Round "8.4"]
[White "Galan Martin, Pedro Juan"]
[Black "Cabrera Trujillo, Jorge"]
[Result "1/2-1/2"]
[WhiteElo "2095"]
[BlackElo "2324"]
[PlyCount "160"]
[EventDate "2007.07.22"]
[EventType "swiss"]
[EventRounds "9"]
[EventCountry "ESP"]
[Source "lmi"]
[SourceDate "2007.07.22"]

1. e4 c5 2. Nf3 d6 3. d4 cxd4 4. Nxd4 Nf6 5. Nc3 a6 6. Be2 e5 7. Nb3 Be7 8. O-O
O-O 9. Kh1 b6 10. f3 Bb7 11. a4 Nc6 12. Bg5 Nb4 13. Nb1 Qc7 14. Na3 Rfd8 15. c3
Nc6 16. Qe1 d5 17. Bxf6 Bxf6 18. exd5 Rxd5 19. Nc4 Bc8 20. Qf2 Rb8 21. Ne3 Rd8
22. Rfd1 Be6 23. Nd2 b5 24. axb5 axb5 25. Ne4 Be7 26. Rxd8+ Qxd8 27. g4 b4 28.
Rd1 Qa5 29. Nc4 Qa2 30. Qf1 bxc3 31. bxc3 Qa7 32. Ra1 Qb7 33. Bd3 g6 34. g5 Bd5
35. Rd1 Qc7 36. h4 Nd8 37. Ne3 Bb3 38. Rb1 Ne6 39. Ng4 Nf4 40. Nh6+ Kf8 41. Nd2
Be6 42. Rxb8+ Qxb8 43. Qb1 Qd6 44. Bf1 Qxd2 45. Qb8+ Bd8 46. Qxe5 Nd5 47. Qd6+
Kg7 48. Qxd8 f6 49. gxf6+ Kxh6 50. f7 Bxf7 51. Qf8+ Kh5 52. Qxf7 h6 53. Qd7 g5
54. Qg4+ Kg6 55. Qe4+ Kf6 56. Qd4+ Qxd4 57. cxd4 gxh4 58. Kh2 Nf4 59. Bc4 Kf5
60. Ba2 Kf6 61. Bc4 Ke7 62. Ba2 Kd6 63. Bg8 Kc6 64. Bc4 Kb6 65. Bg8 Kb5 66. Ba2
Kb4 67. Bg8 Kb5 68. Ba2 Kc6 69. Bg8 Kd6 70. Ba2 Ke7 71. Bb1 Kf6 72. Be4 Ne2 73.
Kh3 Kg5 74. d5 Nf4+ 75. Kh2 Kf6 76. Kh1 Ke5 77. Kh2 Kd6 78. Kh1 Nxd5 79. Bxd5
Kxd5 80. Kh2 Ke5 1/2-1/2

[Event "España ch sub-16 2007"]
[Site "Linres ESP"]
[Date "2007.07.26"]
[Round "8.5"]
[White "Senlle Caride, Miguel"]
[Black "Pardo Simon, David"]
[Result "1-0"]
[WhiteElo "2179"]
[BlackElo "2080"]
[PlyCount "133"]
[EventDate "2007.07.22"]
[EventType "swiss"]
[EventRounds "9"]
[EventCountry "ESP"]
[Source "lmi"]
[SourceDate "2007.07.22"]

1. e4 e5 2. Nf3 Nc6 3. d4 exd4 4. Bc4 Nf6 5. e5 d5 6. Bb5 Ne4 7. Nxd4 Bd7 8.
Bxc6 bxc6 9. O-O Bc5 10. Be3 O-O 11. f3 Ng5 12. f4 Ne4 13. Nd2 Nxd2 14. Qxd2
Bb6 15. Nb3 Qe7 16. a4 Bf5 17. a5 Bxe3+ 18. Qxe3 Rfb8 19. Qc3 Qb4 20. Qxc6 Bxc2
21. Qxc2 Qxb3 22. Qxb3 Rxb3 23. Rfc1 Rxb2 24. Rxc7 g5 25. fxg5 Re2 26. Rf1 Rf8
27. Rxa7 Rxe5 28. h4 d4 29. a6 Rd5 30. Rb7 d3 31. a7 Ra5 32. Rd1 Ra3 33. Rd2
Kg7 34. h5 Kg8 35. h6 Re8 36. Rxd3 Rxd3 37. Rb8 Rdd8 38. a8=Q Rxb8 39. Qa1 Kf8
40. Qh8+ Ke7 41. Qxh7 Rb6 42. Qe4+ Re6 43. Qb4+ Kd8 44. h7 Re1+ 45. Kh2 R1e6
46. Qb8+ Kd7 47. h8=Q Rxh8+ 48. Qxh8 Rg6 49. Qd4+ Ke7 50. Qd2 Kf8 51. Kh3 Kg7
52. Kh4 Re6 53. Kh5 Rg6 54. Qb2+ Kh7 55. Qa2 Kg7 56. Qa7 Kg8 57. Qe7 Kg7 58. g4
Re6 59. Qd8 Rg6 60. Qd4+ Kh7 61. Qf6 Rxf6 62. gxf6 Kg8 63. Kh6 Kh8 64. g5 Kg8
65. g6 fxg6 66. Kxg6 Kh8 67. Kf7 1-0

[Event "España ch sub-16 2007"]
[Site "Linres ESP"]
[Date "2007.07.26"]
[Round "8.6"]
[White "Moreno Gracia, Daniel"]
[Black "Fernandez Garcia, Jose Miguel"]
[Result "1-0"]
[WhiteElo "2237"]
[BlackElo "2036"]
[PlyCount "91"]
[EventDate "2007.07.22"]
[EventType "swiss"]
[EventRounds "9"]
[EventCountry "ESP"]
[Source "lmi"]
[SourceDate "2007.07.22"]

1. c4 b6 2. Nc3 Bb7 3. d4 e6 4. a3 Nf6 5. d5 Be7 6. e4 e5 7. Nf3 d6 8. Be2 O-O
9. O-O Nbd7 10. b4 Ne8 11. Ne1 Bg5 12. Nd3 g6 13. Qc2 Bxc1 14. Raxc1 f5 15. f4
fxe4 16. Nxe4 exf4 17. Nxf4 Ng7 18. c5 Nf6 19. Bc4 Kh8 20. Ng5 Bc8 21. Nxg6+
hxg6 22. Qxg6 Qe8 23. Qh6+ Kg8 24. Rce1 Nf5 25. Rxe8 Nxh6 26. Rxf8+ Kxf8 27.
Rxf6+ Kg7 28. Rf1 bxc5 29. bxc5 dxc5 30. Ne6+ Bxe6 31. dxe6 Re8 32. h3 Re7 33.
g4 Kg6 34. Kg2 c6 35. Rf4 Rb7 36. h4 Ng8 37. g5 Ne7 38. Rf6+ Kg7 39. Rf7+ Kg8
40. Kf3 a5 41. h5 a4 42. g6 Kh8 43. Ke4 Rc7 44. h6 Rb7 45. Rf8+ Ng8 46. Rxg8+
1-0

[Event "España ch sub-16 2007"]
[Site "Linres ESP"]
[Date "2007.07.26"]
[Round "8.7"]
[White "Subirats Ruiz, Sergi"]
[Black "Herrera Delgado, Alejandro"]
[Result "0-1"]
[WhiteElo "1958"]
[BlackElo "2150"]
[PlyCount "104"]
[EventDate "2007.07.22"]
[EventType "swiss"]
[EventRounds "9"]
[EventCountry "ESP"]
[Source "lmi"]
[SourceDate "2007.07.22"]

1. e4 c5 2. Nf3 g6 3. Nc3 Bg7 4. d4 cxd4 5. Nxd4 Nc6 6. Be3 Nf6 7. g4 Nxg4 8.
Nxc6 Nxe3 9. Nxd8 Nxd1 10. Rxd1 Bxc3+ 11. bxc3 Kxd8 12. Bc4 f6 13. h4 d6 14. f3
Bd7 15. Bd5 Rb8 16. h5 g5 17. h6 b6 18. f4 Rc8 19. Kd2 e6 20. Bb3 Ke7 21. fxg5
fxg5 22. Rdg1 Rhg8 23. c4 Rcf8 24. Ke3 Bc6 25. Rg4 Rg6 26. Rh5 Rff6 27. Rgxg5
Rxg5 28. Rxg5 Rxh6 29. Rg7+ Kf6 30. Rxa7 Rh3+ 31. Kd2 Bxe4 32. Ra6 h5 33. Rxb6
h4 34. Rxd6 Ke5 35. c5 Rxb3 36. cxb3 h3 37. Rd8 h2 38. Rh8 h1=Q 39. Rxh1 Bxh1
40. Kd3 Be4+ 41. Ke3 Bb1 42. a3 Bc2 43. b4 Ba4 44. Kd3 Kd5 45. Kc3 e5 46. Kd3
e4+ 47. Kc3 Ke5 48. Kc4 e3 49. b5 Bxb5+ 50. Kxb5 e2 51. c6 e1=Q 52. c7 Qc3 0-1